Países na placa tectônica Cocos - Statistics

Estatísticas Gerais
  • Esse quiz foi jogado 21 vezes
  • A pontuação média é 6 de 7
Estatísticas das Respostas
País % Correto
México
100%
Colômbia
89%
Costa Rica
89%
El Salvador
84%
Guatemala
84%
Nicarágua
79%
Panamá
79%
Nenhum quiz correspondente encontrado
Distribuição das Pontuações
Porcentagem de Pessoas com Cada Pontuação
Percentil de Números Respondidos
Sua Pontuação Histórica
Você não jogou esse quiz